Southville International School and Colleges
Your cart is empty.
  • Cart
  • Lists
    Public lists Eva Luna New books Lux_list list_1
    Your lists Log in to create your own lists
  • Log in to your account
  • Your cookies
  • Search history
Southville International School and Colleges
  • Advanced search
  • Recent comments
  • Most popular
  • Libraries

Log in to your account

Log in with GOOGLE


If you do not have an external account, but do have a local account, you can still log in:

  1. Home
  2. MARC view: Ninoy Aquino :
Normal view MARC view ISBD view

Ninoy Aquino : (Record no. 360196)

[ view plain ]
MARC details
000 -LEADER
fixed length control field 00827nam a2200289Ia 4500
008 - FIXED-LENGTH DATA ELEMENTS--GENERAL INFORMATION
fixed length control field 181129s9999 xx 000 0 und d
020 ## - INTERNATIONAL STANDARD BOOK NUMBER
International Standard Book Number 9789715697095
050 ## - LIBRARY OF CONGRESS CALL NUMBER
Item number S129 2010
100 ## - MAIN ENTRY--PERSONAL NAME
Personal name Saguisag, Lara
245 #0 - TITLE STATEMENT
Title Ninoy Aquino :
245 #2 - TITLE STATEMENT
Remainder of title a courageous homecoming /
245 #0 - TITLE STATEMENT
Statement of responsibility, etc by Lara Saguisag ;illustrated by Quix Maiquez.
260 ## - PUBLICATION, DISTRIBUTION, ETC. (IMPRINT)
Place of publication, distribution, etc Makati, Philippines :
260 ## - PUBLICATION, DISTRIBUTION, ETC. (IMPRINT)
Name of publisher, distributor, etc Bookmark,
260 ## - PUBLICATION, DISTRIBUTION, ETC. (IMPRINT)
Date of publication, distribution, etc 2010
300 ## - PHYSICAL DESCRIPTION
Extent unpaged :
300 ## - PHYSICAL DESCRIPTION
Other physical details color illustrations ;
300 ## - PHYSICAL DESCRIPTION
Dimensions 25cm.
440 ## - SERIES STATEMENT/ADDED ENTRY--TITLE
Title Modern heroes for the Filipino youth.
650 ## - SUBJECT ADDED ENTRY--TOPICAL TERM
Topical term or geographic name as entry element Aquino, Benigno S., 1932-1983.
650 ## - SUBJECT ADDED ENTRY--TOPICAL TERM
Topical term or geographic name as entry element Heroes -- Philippines.
650 ## - SUBJECT ADDED ENTRY--TOPICAL TERM
Topical term or geographic name as entry element Legislators -- Philippines -- Biography.
650 ## - SUBJECT ADDED ENTRY--TOPICAL TERM
Topical term or geographic name as entry element Philippine literature for kids.
700 ## - ADDED ENTRY--PERSONAL NAME
Personal name Maiquez, Quix.
700 ## - ADDED ENTRY--PERSONAL NAME
Personal name Series.
700 ## - ADDED ENTRY--PERSONAL NAME
Personal name Title.
Holdings
Withdrawn status Lost status Damaged status Home library Current library Shelving location Date acquired Total Checkouts Full call number Barcode Date last seen Price effective from Koha item type
      Stonyhurst Southville International School (Malarayat) Stonyhurst Southville International School (Malarayat)   11/29/2018   ER S129 2010 SSISM5990 11/29/2018 11/29/2018 Books

Ninoy Aquino :

APA

Saguisag L., Maiquez Q., Series & Title.Ninoy Aquino. Makati, Philippines: .

Chicago

Saguisag Lara, Maiquez Quix, Series and Title.Ninoy Aquino. Makati, Philippines: .

Harvard

Saguisag L., Maiquez Q., Series and Title.Ninoy Aquino. Makati, Philippines: .

MLA

Saguisag Lara, Maiquez Quix, Series and Title.Makati, Philippines: . .

  • Place hold
  • Print
  • Cite
  • Add to your cart (remove)
  • Save record
    BIBTEX Dublin Core MARCXML MARC (non-Unicode/MARC-8) MARC (Unicode/UTF-8) MARC (Unicode/UTF-8, Standard) MODS (XML) RIS
  • More searches
    Search for this title in:
    Other Libraries (WorldCat) Other Databases (Google Scholar) Online Stores (Bookfinder.com) Open Library (openlibrary.org)

Exporting to Dublin Core...

SOUTHVILLE LIBRARY

Southville International School and Colleges Library

1281 Tropical Ave. Cor. Luxembourg St., BF Homes International, Las Pinas City

Tel. No. 8256374 / 252358 Loc. 117/146

Powered by Koha